Surveyors advising in respect of compulsory purchase and statutory compensation (Record no. 115968)

MARC details
000 -LEADER
fixed length control field 02226cad a22002895a 4500
001 - CONTROL NUMBER
control field L159510
008 - FIXED-LENGTH DATA ELEMENTS--GENERAL INFORMATION
fixed length control field 170727s2017 xxk f 000 0 eng d
020 ## - INTERNATIONAL STANDARD BOOK NUMBER
International Standard Book Number 9781783211845
035 ## - SYSTEM CONTROL NUMBER
System control number (Sirsi) u159510
041 ## - LANGUAGE CODE
Language code of text/sound track or separate title eng
050 ## - LIBRARY OF CONGRESS CALL NUMBER
Classification number 711.14
110 ## - MAIN ENTRY--CORPORATE NAME
Corporate name or jurisdiction name as entry element Royal Institution of Chartered Surveyors
9 (RLIN) 4900
245 ## - TITLE STATEMENT
Title Surveyors advising in respect of compulsory purchase and statutory compensation
Medium [electronic resource]
250 ## - EDITION STATEMENT
Edition statement 1st
260 ## - PUBLICATION, DISTRIBUTION, ETC.
Place of publication, distribution, etc. London,
Name of publisher, distributor, etc. RICS,
Date of publication, distribution, etc. April 2017
490 ## - SERIES STATEMENT
Series statement RICS Professional Statement
490 ## - SERIES STATEMENT
Series statement RICS Professional Standard
520 ## - SUMMARY, ETC.
Summary, etc. Applies when you provide advice regarding property interests in the UK that relates to the seeking or use of compulsory purchase or other statutory powers by or against your client, or where the seeking or use of such powers is contemplated. It also applies when you are advising a body that is relying on or seeking to rely on another body to seek or use compulsory purchase or other statutory powers to assist with a project. Effective from April 2017.
520 ## - SUMMARY, ETC.
Summary, etc. Surveyors advising in respect of compulsory purchase and statutory compensation, UK, 1st edition, derives from the 2012 guidance note 'The calculation of surveyors' fees relating to the exercise of statutory powers in connection with land and property, 1st edition, for Scotland'. Both this professional statement and the Appendix supersede the 2014 guidance note 'The calculation of surveyors' fees relating to the exercise of statutory powers in connection with land and property, 1st edition, for Scotland'.
520 ## - SUMMARY, ETC.
Summary, etc. This document was originally published in April 2017 as an RICS professional statement and was reissued in April 2024 as an RICS professional standard.
520 ## - SUMMARY, ETC.
Summary, etc. See 2nd edition ISBN 9781783215355 published 23 September 2024, effective 23 December 2024
650 ## - SUBJECT ADDED ENTRY--TOPICAL TERM
Topical term or geographic name entry element STATUTORY COMPENSATION
651 #4 - SUBJECT ADDED ENTRY--GEOGRAPHIC NAME
Geographic name United Kingdom
690 ## - LOCAL SUBJECT ADDED ENTRY--TOPICAL TERM (OCLC, RLIN)
Topical term or geographic name as entry element Compulsory purchase
9 (RLIN) 6228
856 40 - ELECTRONIC LOCATION AND ACCESS
Uniform Resource Identifier <a href="https://www.rics.org/content/dam/ricsglobal/documents/standards/April_2017_surveyors_advising_in_respect_of_compulsory_purchase_and_statutory_compensation_1st_edition_rics.pdf">https://www.rics.org/content/dam/ricsglobal/documents/standards/April_2017_surveyors_advising_in_respect_of_compulsory_purchase_and_statutory_compensation_1st_edition_rics.pdf</a>
Public note Available on RICS.org until 2nd edition comes into force
942 ## - ADDED ENTRY ELEMENTS (KOHA)
Suppress in OPAC 0
Source of classification or shelving scheme Dewey Decimal Classification
Holdings
Withdrawn status Lost status Source of classification or shelving scheme Damaged status Not for loan Home library Current library Shelving location Date acquired Total Checkouts Full call number Barcode Date last seen Copy number Price effective from Koha item type
    Dewey Decimal Classification     Virtual Virtual Online 07/08/2017   ONLINE PUBLICATION 159510-2001 23/03/2023 1 06/08/2019 Book